000 00508nam a2200145Ia 4500
008 100122s9999 xx 000 0 und d
082 _b18511
_a822
100 _aकालेलकर मधुसूदन
245 _aकल्पवृक्ष कन्येसाठी
260 _bरंजना प्रकाशन
300 _a104
630 _aकल्पवृक्ष कन्येसाठी
730 _aकल्पवृक्ष कन्येसाठी
942 _cBOOK
999 _c407915
_d407912